| 000 | 012340000a22003370004500 | ||
|---|---|---|---|
| 003 | EG-GICUC | ||
| 005 | 20250223033009.0 | ||
| 008 | 070422s2001 ua o f m 000 0 eng d | ||
| 040 |
_aEG-GICUC _beng _cEG-GICUC |
||
| 041 | 0 | _aEng | |
| 049 | _aDeposite | ||
| 097 | _aPh.D | ||
| 099 | _aCai01.10.09.Ph.D.2001.Ne.S | ||
| 100 | 0 | _aNeveen Atef Hamed Emran | |
| 245 | 1 | 0 |
_aStudies on bovine leukosis / _cNeveen Atef Hamed Emran ; Supervised Samia A.Ahmed , Diea G.A.Elhassan , Amina A.Nawwar |
| 246 | 1 | 5 | _aدراسات عن مرض الليكوزيس البقرى |
| 260 |
_aCairo : _bNeveen Atef Hamed Emran , _c2001 |
||
| 300 |
_a144P : _bphotographs ; _c30cm |
||
| 502 | _aThesis (PH.D.) - Cairo University - Faculty Of Veterinary Medicine - Department Of Internal Medicine and Infectious Diseases | ||
| 530 | _aIssued also as CD | ||
| 653 | 4 | _aBovine leukosis | |
| 653 | 4 | _aLivestock | |
| 653 | 4 | _aRecognized since | |
| 700 | 0 |
_aAmina Abd El moeen Nawwar , _eSupervisor |
|
| 700 | 0 |
_aDiea Gamal Eldin AboElhassan , _eSupervisor |
|
| 700 | 0 |
_aSamia Abd El hamed Ahmed , _eSupervisor |
|
| 856 | _uhttp://172.23.153.220/th.pdf | ||
| 905 |
_aMustafa _eRevisor |
||
| 905 |
_aSamia _eCataloger |
||
| 942 |
_2ddc _cTH |
||
| 999 |
_c85849 _d85849 |
||